000 00668nam a2200205Ii 4500
003 JO-AjNU
008 230606s9999||||xx |||||||||||||| ||und||
020 _a978-0-19-430923-3
040 _aJO-AjNU
_beng
_erda
_cJO-AjNU
041 _aeng
050 1 4 _aPE1471.S28 2006
100 3 _aتاليف Savage,Alice;م.مشارك Patricia,Mayer,
_eauthor
_92078
245 0 0 _aEFFCTIVE :ACADEMIC WRITING 2:THE SHORT ESSAY
264 3 1 _aNew York:Oxford University Press,2006
300 _a168p
336 _atext
_btxt
_2rdacontent
337 _aunmediated
_bn
_2rdamedia
338 _avolume
_bnc
_2rdacarrier
650 4 _aEFFCTIVE -ACADEMIC WRITING 2-THE SHORT ESSAY
_92079
999 _aE1091
_c1091
_d1091